000 00617nab a2200169 4500
003 ES-SlBCS
005 20230517074852.0
008 150730s2015 sp ||||| |||| 00| 0 spa d
040 _aES-SlBCS
_bspa
100 1 _aPonzio, Paolo
_9112710
245 1 3 _aLa experiencia como paradigma del nexo entre el hombre y Dios
_cPaolo Ponzio
246 1 1 _aExperience as a paradigm of nexus between Man and God
650 0 4 _aExperiencia
_9115417
600 1 0 _aZubiri, Xavier
_d(1898-1983)
_xCrítica e interpretación
_9120105
773 0 _gVol. 71, Nº 266, 2015, págs. 413-424
_tPensamiento
_wRev321
_x0031-4749
942 _2lcc
_cAR
999 _c853334
_d853334